000
00256nam a2200109Ia 4500
008
200302s9999 xx 000 0 und d
100
_a
Gerald F. Brommer
245
_a
Art in Your World
260
_b
Davis Publication Inc.
260
_c
1977
300
_a
282 P.,
999
_c
278
_d
278